00403nam a2200133Ia 4500008004100000082001400041100002100055245003400076260001800110600002000128942000700148952009700155999001700252241002s9999 xx 000 0 und d a331.8 AAR aAaronovitch, Sam 0aEconomics for Trade Unionists aLondon:c1966 aSocial Sciences cUC 00104070aUITUbUITUd1994-01-01l0o331.8 AARpUC185r2024-10-02 09:31:11w2024-10-02yUC c18512d18512